The six secrets of a lasting relationship : how to fall in love again-and stay there
| Main Author: | |
|---|---|
| Format: | Book |
| Published: |
New York :
A Perigee Book ,
2002
|
| Subjects: |
MARC
| LEADER | 00000cam a2200000 7i4500 | ||
|---|---|---|---|
| 001 | 0000012303 | ||
| 005 | 20071212.0 | ||
| 008 | 071212 | ||
| 020 | |a 0399527397 | ||
| 090 | 0 | 0 | |a 306.81 |b GOU |
| 100 | 1 | |a Goulston, Mark | |
| 245 | 1 | 4 | |a The six secrets of a lasting relationship : |b how to fall in love again-and stay there |c Mark Goulston |
| 260 | |a New York : |b A Perigee Book , |c 2002 | ||
| 650 | 0 | |a Man-woman relationships | |
| 650 | 0 | |a Marriage | |
| 999 | |a 0001003166 |b Book |c Adult Collection |e Perbadanan Perpustakaan Awam Johor | ||